000 01306nam a22002177a 4500
999 _c62104
_d62104
003 Ge_BSU
005 20240819130933.0
008 240711s2023 ge ||||| |||| 00| 0 geo d
041 _ageo
080 _a616.31(075.8)თ-49
245 _aთერაპიული სტომატოლოგია :
_bსახელმძღვანელო უმაღლესი სასწავლებლის სტუდენტებისა და ექიმებისათვის /
_cე.ვ. ბოროვსკის, რედაქციით, თარგმანის რედ: ლია ჭელიძე, მაია ქორიძე.
264 _aთბილისი:
_bმთაწმინდელი,
_c2023.
300 _a339გვ.:
_bსურ., ილ., ცხ.
_c29 სმ.
440 _aსასწავლო ლიტერატურა
_96329
653 _aსტომატოლოგია
653 _aმედიცინა
700 _aბოროვსკი, ე.ვ
_eრედაქციით
_922805
700 _aჭელიძე, ლია
_eთარგმნის რედაქტორი
_93310
700 _aქორიძე, მაია
_eთარგმნის რედაქტორი
_93311
942 _2udc
_cBK